000
00239nam a2200097Ia 4500
001
691048
005
20250826161827.0
008
250824s9999 xx 000 0 und d
245
0
_a
Savaşçı
_c
DOĞAN CÜCELOĞLU
260
_b
REMZİ KİTABEVİ
999
_c
691048
_d
691048